000 01116cam a2200301 a 4500
001 1636364
003 OSt
005 20151008084837.0
008 961002s1996 nyu 000 1 eng
010 _a 96039154
020 _a0679446486
040 _aDLC
_cDLC
_dDLC
_dOCoLC
_dDLC
050 0 0 _aPS3553.R48
_bA77 1996
082 0 0 _a813/.54
_221
100 1 _aCrichton, Michael,
_d1942-2008.
245 1 0 _aAirframe /
_cMichael Crichton.
250 _a1st trade ed.
260 _aNew York :
_bAlfred Knopf,
_c1996.
300 _a351 p. ;
_c25 cm.
650 0 _aAircraft accidents
_xFiction.
655 7 _aAdventure stories.
_2gsafd
856 4 2 _3Contributor biographical information
_uhttp://www.loc.gov/catdir/bios/random057/96039154.html
856 4 1 _3Sample text
_uhttp://www.loc.gov/catdir/samples/random044/96039154.html
856 4 2 _3Publisher description
_uhttp://www.loc.gov/catdir/description/random0410/96039154.html
906 _a7
_bcbc
_corignew
_d1
_eocip
_f19
_gy-gencatlg
942 _2lcc
_cBK
999 _c250298
_d250298